00459nam a22001337a 4500999001500000008004100015082001800056100002700074245008900101260006800190300001800258650003400276942001500310 c6688d6688200323b ||||| |||| 00| 0 eng d a330.967 8 LAP aLappe, Frances Moore.- aMozambique and Tanzania:bAsking the Big Questions/cFrances Moore Lappe.-hEnglish. aSan Francisco:bInstitute of Food and Development Policy,c1979 a126p;c22cm.- 2ECONOMIC SITUATION - TANZANIA 2ddccBOOKS